1984 1142 1598 1101 1067 1551 1044 1560 1970 1213 1170 1015 1004 1443 1415 1738 1241 1009 1141 1118 1721 1457 1185 1809 1882 1294 1037 1932 1196 1267 1163 1009 1886 1243 1131 1236 1032 1616 1711 1373 1447 1644 1976 1526 1950 1784 1800 1517 1812 1714 1123 1795 1644 1373 1835 1947 1412 1767 1166 1560 1086 1229 1136 1572 1507 1891 1235 1785 1095 1233 1904 1212 1772 1704 1271 1054 1607 1244 1030 1692 1101 1166 1267 1216 1109 1293 1630 1327 1484 1340 1294 1112 1679 1646 1172 1245 1920 1611 1363 BCNSPRNW ULIB Ver.6.0+V

เปลี่ยนเป็นภาษาไทย

Change to English
 แสดงรายละเอียดบรรณานุกรม
  กลับหน้าหลัก

Brief Record : Get Marc (ISO 2709) : E-mail record : QR code < ปิดหน้าต่าง
LEADER : 00000nam 2200000uu 4500
001    13399128930
003     ULIB
008    241030s2023||||th 000 0 tha d
020    ^a9780323776714
060 04 ^aWY157.3^bM425P
245 00 ^aMaternal child nursing care /^cShannon E. Perry ... [etal.]
250    ^a7th ed.
260    ^aMaryland Heights :^bMosby Elsevier,^c2023
300    ^axxv, 1597 p. :^bill. ;^c28 cm.
650  2 ^aMaternal-Child Nursing
650  2 ^aPediatric Nursing
700 1  ^aPerry, Shannon E.
945    ^p2006^l0^i011180
999    ^aประนอม เกษจรัล
รายการนี้ยังไม่มีแท็ก
คุณยังไม่ได้ล็อกอิน คุณสามารถมีกิจกรรมร่วมกับเว็บไซต์ได้ แต่ต้องล็อกอินก่อน ::
  ล็อกอิน

รายการสื่อสารสนเทศ

ลำดับที่ ประเภท เลขเรียก/บาร์โค้ด สถานที่ สถานะ
1. Book การพยาบาล
หนังสือสำรอง
สถานะ=หนังสือสำรอง
WY157.3 M425P ฉ.1 
  Barcode: 011180
ห้องสมุดวิทยาเขตสวรรค์ประชารักษ์
►หนังสือทั่วไป
บนชั้น

รายการใกล้เคียง
    หัวเรื่อง [Maternal-Child Nursing]
    หัวเรื่อง [Pediatric Nursing]

BibComment


ยังไม่เคยถูกคอมเมนท์

คอมเมนท์ทรัพยากรรายการนี้
  คอมเมนท์: Maternal child n..


 Copyright 2026. Bcnsprnw @Library